Normal view MARC view

Entry Nombre personal

Number of records used in: 1

001 - NÚMERO DE CONTROL

  • campo de control: 685

003 - IDENTIFICADOR DE NÚMERO DE CONTROL

  • campo de control: DLC

005 - FECHA Y HORA DE LA ÚLTIMA TRANSACCIÓN

  • campo de control: 20260228104539.0

008 - ELEMENTOS DE DATO DE LONGITUD-FIJA

  • campo de control de longitud fija: 960503n| azannaabn |a aaa

010 ## - NÚMERO DE CONTROL DE LA BIBLIOTECA DEL CONGRESO

  • Número de control de LC: n 96043818

035 ## - NÚMERO DE CONTROL DEL SISTEMA

  • Número de control de sistema: (OCoLC)oca04078207

040 ## - FUENTE DE CATALOGACIÓN

  • Centro catalogador/agencia de origen: DLC
  • Lengua de catalogación: eng
  • Normas de descripción: rda
  • Centro/agencia transcriptor: DLC
  • Centro/agencia modificador: OCoLC
  • Centro/agencia modificador: SaPrUP
  • Centro/agencia modificador: DLC
  • Centro/agencia modificador: NL-UtRU

046 ## - FECHAS CON CODIFICACIÓN ESPECIAL

  • Fecha de nacimiento: 1954-12-12
  • Fuente del esquema de fecha: edtf

053 #0 - NÚMERO DE CLASIFICACIÓN LC

  • Número de clasificación–único número o número inicial del rango: PT5881.1.B36

100 1# - ENCABEZAMIENTO-NOMBRE DE PERSONA

  • Nombre de persona: Abdolah, Kader,
  • Fechas asociadas al nombre: 1954-

368 ## - OTROS ATRIBUTOS DE PERSONA O ENTIDAD CORPORATIVA

  • Otra designación: Anonyms and pseudonyms
  • Fuente: lcsh

370 ## - LUGAR ASOCIADO

  • Lugar de nacimiento: Arak (Iran)
  • Lugar de residencia/sede: Delft (Netherlands)
  • Fuente del término: naf

400 1# - TRAZADO DE VÉASE--NOMBRE DE PERSONA

  • Nombre de persona: Farahani, Hossein Sadjadi Ghaemmaghami,
  • Fechas asociadas al nombre: 1954-

400 1# - TRAZADO DE VÉASE--NOMBRE DE PERSONA

  • Nombre de persona: ʻAbd Allāh, Qādir,
  • Fechas asociadas al nombre: 1954-

400 1# - TRAZADO DE VÉASE--NOMBRE DE PERSONA

  • Nombre de persona: عبد الله، قادر

400 1# - TRAZADO DE VÉASE--NOMBRE DE PERSONA

  • Nombre de persona: ʻAbd Ilāh, Qādir,
  • Fechas asociadas al nombre: 1954-

400 1# - TRAZADO DE VÉASE--NOMBRE DE PERSONA

  • Nombre de persona: عبد اله، قادر

670 ## - FUENTE DE DATOS ENCONTRADOS

  • Cita de la fuente: De meisjes en de partizanen, c1995:
  • Información encontrada: t.p. (Kader Abdolah) jkt. (b. 1954, Iran; has lived in the Netherlands since 1988; writes in Dutch)

670 ## - FUENTE DE DATOS ENCONTRADOS

  • Cita de la fuente: Multicultural Netherlands WWW site, June 7, 2011:
  • Información encontrada: important figures page (Kader Abdolah is the pen name of Iranian-Dutch writer, Hossein Sadjadi Ghaemmaghami Farahani)

670 ## - FUENTE DE DATOS ENCONTRADOS

  • Cita de la fuente: Kurdʹhā chih mīgūyand?!, 1979:
  • Información encontrada: cover (قادر عبد اله = Qādir ʻAbd Ilāh) p. 1 (قادر عبد الله = Qādir ʻAbd Allāh)

670 ## - FUENTE DE DATOS ENCONTRADOS

  • Cita de la fuente: Dutch Wikipedia, viewed September 24, 2020
  • Información encontrada: (Kader Abdolah ; pseudonym of Hossein Sadjadi Ghaemmaghami Farahani ; born in Arak, 12 December 1954 ; lives in Delft)
  • Identificador Uniforme de Recurso: https://nl.wikipedia.org/wiki/Kader_Abdolah